000 00789nam a22002417a 4500
999 _c11727
_d11727
003 AR-CdUCM
008 190404b ||||| |||| 00| 0 spa d
040 _aMUNICIPALIDAD PROVINCIAL DEL CUSCO
_cBIBLIOTECA MUNICIPAL DEL CUSCO
041 _hrus
082 _aEP / 910.947 /
_bB25
100 _aBaruzdin, Serguei
_929219
245 _aTe invitamos a viajar por la URSS /
260 _aMoscú :
_bProgreso ;
_c1973.
300 _a44 páginas ;
_bIlustraciones
_c29cm
505 _a Contenido: Unión de Repúblicas Socialistas Soviéticas
650 _aEducación primaria
_91561
650 _aHistoria
_9246
650 _aGeografía
_9318
650 _aUnión Soviética
_9496
700 _aHerraiz, A (traducción)
_929220
942 _2ddc
_cLIBROS
945 _anom
_d2019-04-04